000 00328nam a22001217a 4500
082 _a669.3
_bCOP
_cL-17, P-20
245 _aCopper and Brass Pressings
260 _aEngland
_bCDA
_cc1955
300 _aP81
_bill
_c18cm
526 _a0
_b0
_c0
_d669_300000000000000_COP
526 _a0
_b0
_c0
_d669_300000000000000_COP
942 _2ddc
_cBK
999 _c548905
_d548905